Juan Carlos I, Rey de los españoles / (Record no. 134528)

MARC details
000 -LEADER
campo de control de longitud fija 00549nam a2200181 i 4500
001 - NÚMERO DE CONTROL
campo de control 134528
003 - IDENTIFICADOR DE NÚMERO DE CONTROL
campo de control ES-MaACL
005 - FECHA Y HORA DE LA ÚLTIMA TRANSACCIÓN
campo de control 20240520181647.0
007 - CAMPO FIJO DE DESCRIPCIÓN FÍSICA--INFORMACIÓN GENERAL
campo de control de longitud fija t|
008 - DATOS DE LONGITUD FIJA--INFORMACIÓN GENERAL
campo de control de longitud fija 070911s1975 sp ||||1| spa d
100 1# - ENTRADA PRINCIPAL--NOMBRE DE PERSONA
Nombre de persona Yagüe, María Eugenia.
9 (RLIN) 117534
245 10 - MENCIÓN DEL TÍTULO
Título Juan Carlos I, Rey de los españoles /
Mención de responsabilidad, etc. María Eugenia Yagüe.
260 ## - PUBLICACIÓN, DISTRIBUCIÓN, ETC.
Lugar de publicación, distribución, etc. [Madrid :
Nombre del editor, distribuidor, etc. Sábado Gráfico,
Fecha de publicación, distribución, etc. 1975]
300 ## - DESCRIPCIÓN FÍSICA
Extensión 259 p. :
Otras características físicas il. ;
Dimensiones 21 cm.
600 04 - PUNTO DE ACCESO ADICIONAL DE MATERIA--NOMBRE DE PERSONA
Nombre de persona Juan Carlos
Numeración I,
Títulos y otros términos asociados al nombre Rey de España
9 (RLIN) 67108
852 ## - LOCALIZACIÓN
Ubicación ES-MaACL
Número de control de estantería E-9521
Sublocalización o colección R.93782
Holdings
Estatus retirado Estado de pérdida Estado de daño No para préstamo Biblioteca de origen Biblioteca actual Ubicación en estantería Fecha de adquisición Fuente de adquisición Total de préstamos Signatura topográfica completa Código de barras Visto por última vez Precio de reemplazo Tipo de ítem Koha
        Biblioteca del Ateneo de Madrid Biblioteca del Ateneo de Madrid Depósito 2 17/01/2008     E-9521 1140025 23/02/2023 23/02/2023 Libro impreso